| 000 | 00499nam a22001697a 4500 | ||
|---|---|---|---|
| 999 |
_c910 _d910 |
||
| 003 | Ost | ||
| 005 | 20200331145655.0 | ||
| 008 | 200325b ||||| |||| 00| 0 eng d | ||
| 040 | _cBT-PhCST | ||
| 050 | _a3531 & 3938 | ||
| 082 |
_222 _a624.2 _bRAI |
||
| 100 | _aRaina, V. K. | ||
| 245 |
_aConcrete bridges : _binspection, repair, strengthening, testing, load capacity evaluation / |
||
| 260 |
_aNew Delhi : _bTata McGraw-Hill, _cc2000. |
||
| 300 |
_axxiii, 493 p. : _bill. ; _c28 cm. |
||
| 942 |
_2ddc _cCIVIL |
||